| 000 -CABECERA |
| Longitud fija campo de control |
00769nam a2200229 a 4500 |
| 001 - NÚMERO DE CONTROL |
| Número de control |
1500 |
| 003 - IDENTIFICADOR DEL NÚMERO DE CONTROL |
| Identificador del número de control |
CDMR |
| 005 - FECHA Y HORA DE LA ÚLTIMA TRANSACCIÓN |
| Fecha y hora de la última transacción |
20131015121948.0 |
| 008 - CÓDIGOS DE INFORMACIÓN DE LONGITUD FIJA |
| Códigos de información de longitud fija |
130130s1983||||||||||||||||||||||||||||d |
| 020 ## - NÚMERO INTERNACIONAL NORMALIZADO PARA LIBROS |
| Número Internacional Normalizado para Libros (ISBN) |
8420680642 |
| 040 ## - FUENTE DE LA CATALOGACIÓN |
| Centro catalogador de origen |
CDMR |
| Lengua de catalogación |
cat |
| Centro transcriptor |
CDMR |
| 245 00 - MENCIÓN DE TÍTULO |
| Título |
Historia del periodismo en España |
| Mención de responsabilidad, etc. |
dirigida por María Dolores Sáiz y María Cruz Seoane |
| 260 ## - PUBLICACIÓN, DISTRIBUCIÓN, ETC. (PIE DE IMPRENTA) |
| Lugar de publicación, distribución, etc. |
Madrid |
| Fecha de publicación, distribución, etc. |
1983 |
| Nombre del editor, distribuidor, etc. |
Alianza |
| 300 ## - DESCRIPCIÓN FÍSICA |
| Extensión |
3 v. |
| Dimensiones |
21 cm |
| 490 0# - MENCIÓN DE SERIE |
| Mención de serie |
Alianza Universidad Textos |
| Designación de volumen o secuencia |
64, 68, 159 |
| 500 ## - NOTA GENERAL |
| Nota general |
Vol. 3: reimpressió 1996 |
| 505 ## - NOTA DE CONTENIDO CON FORMATO |
| Nota de contenido con formato |
Conté: 1.- Los orígenes. El siglo XVIII ; 2.- El siglo XIX ; 3.- El siglo XX (1898-1936) |
| 650 04 - PUNTO DE ACCESO ADICIONAL DE MATERIA - TÉRMINO DE MATERIA |
| 9 (RLIN) |
3173 |
| Término de materia o nombre geográfico como elemento inicial |
Periodisme |
| Subdivisión de materia general |
Història |
| Subdivisión geográfica |
Espanya |
| 700 1# - PUNTO DE ACCESO ADICIONAL - NOMBRE DE PERSONA |
| 9 (RLIN) |
1131 |
| Nombre de persona |
Seoane, María Cruz |
| 700 1# - PUNTO DE ACCESO ADICIONAL - NOMBRE DE PERSONA |
| 9 (RLIN) |
1134 |
| Nombre de persona |
Saiz, María Dolores |
| 942 ## - ENTRADA DE ELEMENTOS AGREGADOS (KOHA) |
| Koha [por defecto] tipo de item |
Monografies |
| Fuente de clasificaión o esquema |
|